000 01317cam a2200373 a 4500
003 CHAP
005 20220329141848.0
008 980313d1994 mx a r 00110 spa d
010 _a74939
011 _a75911
022 _a1405-1095
035 _a85484
040 _cCHAP
090 _aFolleto 14948
100 0 0 _aRuiz Altamirano, Bertha.
_9100603
245 1 0 _aEspecies tropicales para reforestación urbana
_c/por Bertha Ruiz Altamirano y Carlos H. Avila Bello
260 _aVeracruz, Ver. :
_bINIFAP. Campo Experimental El Palmar. División Forestal,
_c1994.
300 _a50 p. :
_bilus.
410 2 1 _aINIFAP. Campo Experimental El Palmar.
_bDivisión Forestal
490 0 _aFolleto técnico
_v; 28
590 _aBATCH-UPD
_b10
_c20130110
_lUCH01
_h0719
590 _aBATCH-UPD
_b10
_c20130410
_lUCH01
_h0404
590 _aBATCH-UPD
_b10
_c20130914
_lUCH01
_h0719
590 _aCONVERSION
_b10
_c20130109
_lUCH01
_h1341
650 1 4 _aÁrboles
_xClasificación.
_982435
650 1 4 _aBosques
_xTrópicos.
_914401
650 1 4 _aReforestación.
_995474
810 2 1 _aINIFAP. Campo Experimental El Palmar.
_bDivisión Forestal
_958658
830 0 _aFolleto técnico
_v; 28
_942067
901 _aBK
905 _aAlejandra Carrasco M.
942 _cFOLL
949 _aFolleto 14948
_bBC
_cFOLL
_d854841
_eTS1
_i85484
_sb
999 _c74939
_d74939